000 01138nam a2200241Ia 4500
999 _c55895
_d55895
001 22993
003 GE_BSU
005 20230622123825.0
008 181216s1992||||ge |||||||||||||| ||geo||
040 _cGE_BSU
041 _ageo
080 _a821.353.1(092) ხ-56
100 _aხინთიბიძე, აკაკი
_97027
245 _aგალაკტიონი თუ ცისფერყანწელები :
_bქართული ლექსის უახლესი რეფორმა /
_c აკაკი ხინთიბიძე ; რედ. თ. შალაძე, ვ. ოთარაშვილი.
264 _aთბილისი :
_bგულანი,
_c1992.
300 _a192გვ. ;
_b16სმ.
653 _aტაბიძე, გალაკტიონ
653 _aცისფერყანწელები
653 _aქართული ლექსის რეფორმა
700 _aშალაძე, თ.
_eრედაქტორი
_918895
700 _aოთარაშვილი, ვ.
_eრედაქტორი
_918896
942 _cBK
_2udc